000 00730cab a22002415a 4500
001 L155041
008 120221e20120217xxk f 000 0 eng d
035 _a(Sirsi) u155041
041 0 _aeng
100 1 _aPeel, Tom
245 0 0 _aTwists and turns
260 _c2012
490 0 _aBuilding
_v277(8715) 17 February 2012, 46-47(2)
520 _aLooks at how the Construction Act has complicated novation.
590 _aKA
650 2 4 _aHOUSING GRANTS, CONSTRUCTION AND REGENERATION ACT 1996
650 2 4 _aLOCAL DEMOCRACY, ECONOMIC DEVELOPMENT AND CONSTRUCTION ACT 2009
651 4 _aUnited Kingdom
_y
690 _aContracts
_96232
690 _aConstruction management
_96230
690 _aProcurement-old
942 _n0
999 _c83795
_d83795